[Event "Asian Nation Cup Open 2018"]
[Site "Hamedan"]
[Date "2018.08.02"]
[Round "6"]
[White "Bai, Jinshi"]
[Black "Abdisalimov, Abdimalik"]
[Result "1/2-1/2"]
[WhiteElo "2588"]
[BlackElo "2331"]
[Annotator "ChessBase"]
[PlyCount "77"]
[EventDate "2018.07.27"]
[EventType "swiss"]
[EventCountry "IRI"]
[SourceTitle "playchess.com"]
[Source "ChessBase"]
[SourceQuality "1"]
[WhiteTeam "China"]
[BlackTeam "Uzbekistan"]
[WhiteTeamCountry "CHN"]
[BlackTeamCountry "UZB"]
[TimeControl "40/5400+30:1800+30"]

1. Nf3 {[%emt 0:00:00]} c5 {[%emt 0:00:00]} 2. c4 {[%emt 0:00:00]} Nc6 {[%emt 0:00:08]} 3. Nc3 {[%emt 0:00:48]} g6 {[%emt 0:06:29]} 4. e3 {[%emt 0:01:04]} Nf6 {[%emt 0:00:29]} 5. d4 {[%emt 0:00:47]} cxd4 {[%emt 0:00:07]} 6. exd4 {[%emt 0:00:06]} d5 {[%emt 0:00:03]} 7. cxd5 {[%emt 0:04:00]} Nxd5 {[%emt 0:00:05]} 8. Bc4 {[%emt 0:00:07]} e6 {[%emt 0:00:09]} 9. Bxd5 {[%emt 0:03:33]} exd5 {[%emt 0:00:41]} 10. O-O {[%emt 0:00:07]} Bg7 {[%emt 0:12:01]} 11. Bg5 {[%emt 0:04:46]} Qa5 {[%emt 0:10:24]} 12. Re1+ {[%emt 0:33:12]} Be6 {[%emt 0:00:30]} 13. Qd2 {[%emt 0:00:10]} O-O {[%emt 0:03:44]} 14. Bh6 {[%emt 0:01:30]} Rfe8 {[%emt 0:03:14]} 15. Bxg7 {[%emt 0:04:08]} Kxg7 {[%emt 0:00:12]} 16. Qf4 {[%emt 0:00:10]} f6 {[%emt 0:14:04]} 17. g4 {[%emt 0:08:37]} Qd8 {[%emt 0:21:15]} 18. g5 {[%emt 0:13:24]} fxg5 {[%emt 0:06:31]} 19. Nxg5 {[%emt 0:00:05]} Bg8 {[%emt 0:01:19]} 20. Rxe8 {[%emt 0:09:31]} Qxe8 {[%emt 0:00:12]} 21. Qc7+ {[%emt 0:00:05]} Kh6 {[%emt 0:08:35]} 22. Nf3 {[%emt 0:05:20]} Qf8 {[%emt 0:01:11]} 23. Qg3 {[%emt 0:01:24]} Re8 {[%emt 0:01:57]} 24. Re1 {[%emt 0:04:15]} Rxe1+ 25. Nxe1 {[%emt 0:00:02]} Qf6 {[%emt 0:03:45]} 26. Qe3+ {[%emt 0:01:03]} g5 {[%emt 0:00:58]} 27. Nf3 {[%emt 0:00:27]} Kg6 {[%emt 0:00:02]} 28. Ne2 {[%emt 0:03:35]} Qf5 {[%emt 0:03:54]} 29. Ng3 {[%emt 0:00:56]} Qf4 {[%emt 0:00:21]} 30. Qd3+ {[%emt 0:00:29]} Kh6 {[%emt 0:01:02]} 31. Nf5+ {[%emt 0:00:11]} Kh5 {[%emt 0:00:01]} 32. Ng3+ {[%emt 0:00:15]} Kh6 {[%emt 0:00:00]} 33. Nf5+ {[%emt 0:01:27]} Kh5 {[%emt 0:00:01]} 34. h3 {[%emt 0:00:25]} Nb4 {[%emt 0:02:06]} 35. Ng7+ {[%emt 0:00:23]} Kh6 {[%emt 0:00:09]} 36. Nf5+ {[%emt 0:00:10]} Kh5 {[%emt 0:01:32]} 37. Ng7+ {[%emt 0:00:29]} Kh6 38. Nf5+ {[%emt 0:00:03]} Kh5 {[%emt 0:00:58]} 39. Ng7+ {[%emt 0:00:50]} 1/2-1/2

[Event "Asian Nation Cup Open 2018"]
[Site "Hamedan"]
[Date "2018.08.02"]
[Round "6"]
[White "Kazhgaleyev, Murtas"]
[Black "Chekh Adm Khedr, Aram"]
[Result "1-0"]
[WhiteElo "2575"]
[BlackElo "2178"]
[Annotator "TA"]
[PlyCount "63"]
[EventDate "2018.07.27"]
[EventType "swiss"]
[EventCountry "IRI"]
[SourceTitle "playchess.com"]
[Source "ChessBase"]
[SourceQuality "1"]
[WhiteTeam "Kazakhstan"]
[BlackTeam "Syria"]
[WhiteTeamCountry "KAZ"]
[BlackTeamCountry "SYR"]

{[%evp 13,63,23,30,24,51,8,33,25,37,4,8,0,19,0,37,0,0,0,0,-6,0,0,0,0,0,0,0,8,22,0,0,-26,-18,-26,-23,-36,5,0,256,261,301,337,334,300,333,337,332,318,280,301,343,343]} 1. d4 d5 2. Bf4 Nf6 3. e3 c6 4. c4 e6 5. Nc3 Bd6 6. Bg3 {D35: Queen's Gambit Declined: Exchange Variation} (6. Bxd6 Qxd6 7. Nf3 O-O 8. Qc2 Nbd7 9. Rd1 b6 10. Be2 Bb7 11. O-O Qe7 12. e4 dxe4 13. Nxe4 c5 14. Nc3 cxd4 15. Nxd4 {1-0 (46) Kramnik,V (2777)-Dubov,D (2661) Berlin 2015 CBM 168 Extra [Schulz,André]}) 6... Qe7 7. Nf3 Nbd7 {[%cal Bb8d7,Bd7e5,Be5g4][%mdl 32] LiveBook: 3 Games} 8. Be2 {White has an edge.} dxc4 9. Bxc4 Bxg3 10. hxg3 e5 11. Qc2 {Black should prevent 0-0-0.} exd4 $1 12. Nxd4 Ne5 $146 ({Predecessor:} 12... Nb6 13. Bd3 g6 {½-½ (40) Foisor,M (2088)-Coimbra,M (2120) Plovdiv 2008}) 13. Be2 Bd7 14. e4 O-O-O 15. O-O-O Kb8 16. Kb1 Nfg4 17. Bxg4 Nxg4 18. Rhe1 Qf6 19. f4 {[%cal Bf2f4,Bf4f5,Bf5e6,Be6e7][%mdl 32]} Bc8 20. e5 Qg6 21. f5 Qh5 22. e6 fxe6 23. fxe6 Rhe8 24. Ka1 Qc5 25. Qe4 $36 {[%mdl 2048] White has some pressure.} h5 $2 {[%mdl 8192] [#]} (25... Nf6 $11 26. Qe3 Ka8) 26. e7 $18 {White has a decisive advantage.} Rd7 27. Qf4+ Ka8 28. Ne6 Qxe7 29. Rxd7 Qxd7 30. Nc7+ Qxc7 31. Rxe8 ({Weaker is} 31. Qxc7 Rxe1+ 32. Nb1 Re8 $16) 31... Qxf4 32. gxf4 {Precision: White = 45%, Black = 61%.} 1-0

[Event "Asian Nation Cup Open 2018"]
[Site "Hamedan"]
[Date "2018.08.02"]
[Round "6"]
[White "Firouzja, Alireza"]
[Black "Darini, Pouria"]
[Result "1/2-1/2"]
[WhiteElo "2561"]
[BlackElo "2463"]
[Annotator "TA"]
[PlyCount "23"]
[EventDate "2018.07.27"]
[EventType "swiss"]
[EventCountry "IRI"]
[SourceTitle "playchess.com"]
[Source "ChessBase"]
[SourceQuality "1"]
[WhiteTeam "Iran"]
[BlackTeam "Iran"]
[WhiteTeamCountry "IRI"]
[BlackTeamCountry "IRI"]

{[%evp 9,23,-22,-28,-39,-29,-38,-21,-52,-40,-43,-45,-52,-42,-47,-45,-35]} 1. e4 c5 2. Bc4 e6 3. Nc3 Nf6 4. e5 (4. Qe2 Nc6 5. Nf3 d6 6. d3 Be7 7. Bb5 Bd7 8. Bxc6 Bxc6 9. e5 Nd7 10. exd6 Bxd6 11. Ne4 Be7 12. Bf4 O-O 13. h4 {0-1 (28) Karimov,I (2317)-Kvon,A (2360) Tashkent 2007}) 4... d5 5. exd6 Bxd6 6. d3 {B20: Sicilian: Unusual White 2nd moves} Nc6 7. Nf3 h6 8. a3 $146 {The position is equal.} ({Predecessor:} 8. Be3 O-O 9. Qd2 Na5 10. h3 Nxc4 11. dxc4 {½-½ (47) Akentjev,O (1845)-Likhachev,A Kemerovo 2011}) 8... a6 {Black is slightly better.} 9. a4 O-O 10. O-O b6 11. Ne4 Nxe4 12. dxe4 1/2-1/2

[Event "Asian Nation Cup Open 2018"]
[Site "Hamedan"]
[Date "2018.08.02"]
[Round "6"]
[White "Pourramezanali, Amirreza"]
[Black "Tabatabaei, M amin"]
[Result "1/2-1/2"]
[WhiteElo "2537"]
[BlackElo "2590"]
[Annotator "TA"]
[PlyCount "69"]
[EventDate "2018.07.27"]
[EventType "swiss"]
[EventCountry "IRI"]
[SourceTitle "playchess.com"]
[Source "ChessBase"]
[SourceQuality "1"]
[WhiteTeam "Iran"]
[BlackTeam "Iran"]
[WhiteTeamCountry "IRI"]
[BlackTeamCountry "IRI"]

{[%evp 25,69,18,18,18,27,26,18,18,18,26,24,12,77,34,35,35,35,36,53,53,53,47,47,47,55,55,55,55,55,55,55,55,62,53,70,70,75,75,75,75,75,73,73,62,62,62]} 1. c4 c6 2. Nf3 Nf6 3. d4 d5 4. cxd5 cxd5 5. Nc3 Nc6 6. Bf4 Nh5 7. Bd2 Nf6 8. Bf4 Nh5 9. Be5 f6 {D13: Damengambit (Slawische Verteidigung, Abtauschvariante)} 10. Bg3 e5 (10... Be6 11. e3 Nxg3 12. hxg3 Bf7 13. Bd3 g6 14. O-O e6 15. Rc1 Bd6 16. Na4 O-O 17. a3 {½-½ (45) Inarkiev,E (2684)-Motylev,A (2659) Yaroslavl 2018}) 11. e3 Nxg3 12. hxg3 e4 13. Nd2 Be6 $1 {LiveBook: 4 Partien} 14. Ndxe4 {[#]} dxe4 $146 ({Vorgänger:} 14... Qb6 15. Nc5 Bxc5 16. dxc5 Qxc5 17. Bb5 {0-1 (65) Vakhidov,J (2392)-Salvador,R (2527) Kuala Lumpur 2011}) 15. d5 {[#]} Bxd5 $1 {[%mdl 512]} 16. Qxd5 (16. Nxd5 Qa5+) 16... Qxd5 17. Nxd5 O-O-O 18. O-O-O Nb4 (18... f5 $11) 19. Nxb4 Rxd1+ 20. Kxd1 {[#] Und Sd5 würde nun gewinnen.} Bxb4 $16 {[%mdl 4096] Endspiel KTL-KTL} 21. Bc4 h6 22. Ke2 Rd8 23. Rd1 Rxd1 24. Kxd1 $14 {KL-KL} Kc7 25. Bd5 b6 26. Bxe4 a5 27. Ke2 Kd6 28. g4 Ke5 29. Kd3 g5 30. Bb7 f5 31. gxf5 Kxf5 32. Bc8+ Ke5 33. g3 Kf6 34. Ke2 h5 35. f4 {Precision: Weiß = 76%, Schwarz = 56%.} 1/2-1/2

[Event "Asian Nation Cup Open 2018"]
[Site "Hamedan"]
[Date "2018.08.02"]
[Round "6"]
[White "Tran, Tuan Minh"]
[Black "Sethuraman, S P"]
[Result "0-1"]
[WhiteElo "2520"]
[BlackElo "2657"]
[Annotator "TA"]
[PlyCount "60"]
[EventDate "2018.07.27"]
[EventType "swiss"]
[EventCountry "IRI"]
[SourceTitle "playchess.com"]
[Source "ChessBase"]
[SourceQuality "1"]
[WhiteTeam "Vietnam"]
[BlackTeam "India"]
[WhiteTeamCountry "VIE"]
[BlackTeamCountry "IND"]

{[%evp 23,60,7,0,-58,-44,-40,-53,-84,-27,-31,-12,-13,-17,-10,0,-22,41,18,55,30,87,85,95,-132,-95,-106,-101,-291,-276,-296,-226,-190,-203,-206,-236,-238,-207,-725,-714]} 1. d4 d6 2. e4 {[%cal Be2e4,Be4e5][%mdl 32]} Nf6 3. Nc3 g6 4. f4 Bg7 5. Nf3 c5 6. Bb5+ Bd7 7. e5 Ng4 8. Bxd7+ Qxd7 9. h3 {B09: Pirc Defence: Austrian Attack} (9. d5 dxe5 10. h3 e4 11. Nxe4 Nf6 12. Nxf6+ Bxf6 13. O-O O-O 14. c4 e6 15. Be3 exd5 16. cxd5 Rd8 17. Qc2 Na6 18. Rad1 Nb4 19. Qxc5 Nxd5 20. Bd4 Rac8 21. Qa3 Qf5 22. Bxf6 Qxf6 23. Qxa7 Nxf4 24. Rxd8+ Rxd8 {½-½ (51) Mamedov,R (2704)-Carlsen,M (2843) Shamkir 2018}) 9... cxd4 10. Qxd4 Nc6 11. Qe4 Nh6 12. g4 O-O-O {LiveBook: 5 Games} 13. O-O ({White should play} 13. Qc4 $11) 13... f5 $1 $15 {[%cal Rf5e4]} 14. exf6 exf6 15. Qd5 $146 ({Predecessor:} 15. Qa4 Nf7 16. Rf2 h5 {0-1 (31) Nygren,K (2249)-Fegan,C (2128) Mallorca 2004}) 15... f5 (15... Ng8 $17 16. Nb5 f5) 16. g5 $11 Ng8 17. Be3 Nge7 18. Qd3 h6 19. Nb5 a6 (19... Kb8 $1 $11) 20. a4 $1 $14 d5 (20... axb5 21. axb5 Qc7 22. bxc6 $16) 21. Bb6 $1 d4 ({Much weaker is} 21... axb5 $6 22. axb5 Nb8 23. Ne5 $16) (21... Rdg8 $11 {keeps the balance.}) 22. Bxd8 $16 Rxd8 23. Na3 $2 (23. Rfe1 $16 {and life is bright.}) 23... Nd5 $36 {[%cal Be7d5,Bd5f4,Bf4d3][%mdl 2080] Black is in control.} 24. Nc4 {[#] aiming for gxh6.} Qc7 25. Rfe1 $2 (25. Qd2 $17 {was called for.}) 25... Nxf4 26. Qf1 d3 27. cxd3 Nxd3 {[#] Threatens to win with ...hxg5.} 28. Red1 Ncb4 {White must now prevent ...hxg5.} ({Worse is} 28... Nxb2 29. Rxd8+ Nxd8 30. gxh6 $11) 29. gxh6 Bxh6 30. Ra3 $2 (30. b3) 30... Qg3+ {Precision: White = 45%, Black = 40%.} ({Not} 30... Qxc4 31. Rc3 $16) 0-1

[Event "Asian Nation Cup Open 2018"]
[Site "Hamedan"]
[Date "2018.08.02"]
[Round "6"]
[White "Dao, Thien Hai"]
[Black "Ganguly, Surya Shekhar"]
[Result "0-1"]
[WhiteElo "2476"]
[BlackElo "2652"]
[Annotator "TA"]
[PlyCount "68"]
[EventDate "2018.07.27"]
[EventType "swiss"]
[EventCountry "IRI"]
[SourceTitle "playchess.com"]
[Source "ChessBase"]
[SourceQuality "1"]
[WhiteTeam "Vietnam"]
[BlackTeam "India"]
[WhiteTeamCountry "VIE"]
[BlackTeamCountry "IND"]

{[%evp 17,68,32,16,0,0,0,0,0,6,-11,-14,-16,-16,-7,-10,-8,-18,-35,62,76,146,132,152,161,154,152,139,148,148,154,137,145,136,0,0,0,0,-583,-558,-602,-578,-596,-593,-581,-585,-580,-514,-614,-614,-673,-669,-657,-638]} 1. d4 e6 2. c4 b6 3. Nc3 Bb7 4. a3 f5 5. d5 Nf6 6. g3 Na6 7. Bg2 Nc5 8. Nh3 {A40: Unusual replies to 1 d4} Bd6 9. O-O O-O {LiveBook: 47 Games} 10. Be3 {The position is equal.} Qe7 11. Rc1 $146 ({Predecessor:} 11. Bxc5 bxc5 12. Qd3 exd5 13. Qxf5 Ne4 14. Qg4 Rae8 15. Nxe4 dxe4 {0-1 (40) Kovalenko,I (2650)-Rapport,R (2704) Riga 2014}) 11... Nce4 12. Nxe4 Nxe4 13. dxe6 dxe6 14. Ng5 Nxg5 15. Bxb7 Rad8 16. Qc2 f4 17. Bd2 c6 (17... Nh3+ $15 18. Kg2 c5) 18. Bxc6 $14 fxg3 ({Black should try} 18... Qf6) 19. hxg3 $16 ({Reject} 19. fxg3 $6 Bxa3 20. Bg2 Bc5+ 21. Kh1 a5 $11) 19... Bxg3 20. fxg3 Qc5+ 21. Kh2 {[%cal Bg1h2,Bh2h1,Bh1g2][%mdl 32] And now Bg2 would win.} Rf2+ 22. Rxf2 Qxf2+ 23. Kh1 $1 ({Don't blunder} 23. Bg2 $2 Rxd2 $1 {[%mdl 512]} 24. Qxd2 Nf3+ 25. exf3 Qxd2 $19) 23... Qxg3 {[#]} 24. Bxg5 $1 Qxg5 {[#]} 25. Rd1 (25. Rg1 $1 $16 {[%cal Rg1g5]} Qh4+ 26. Kg2) 25... Qh5+ $40 {[%mdl 128] White needs to defend precisely.} 26. Kg2 Qg5+ 27. Kf1 $2 {[%mdl 8192]} (27. Kh3 $11 Qh5+ 28. Kg2 Qg5+ 29. Kh2 Qh5+ 30. Kg2) 27... Qf5+ $19 {Black is clearly winning.} 28. Bf3 Qxc2 29. Rxd8+ {[%mdl 4096] Endgame KQ-KRB} Kf7 30. Rd7+ Kf6 31. Rxa7 Qxb2 32. Kg2 Qc1 33. Rb7 Qg5+ 34. Kf1 Qc5 {Precision: White = 54%, Black = 65%.} 0-1

[Event "Asian Nation Cup Open 2018"]
[Site "Hamedan"]
[Date "2018.08.02"]
[Round "6"]
[White "Iuldachev, Saidali"]
[Black "Xu, Xiangyu"]
[Result "0-1"]
[WhiteElo "2456"]
[BlackElo "2588"]
[Annotator "TA"]
[PlyCount "136"]
[EventDate "2018.07.27"]
[EventType "swiss"]
[EventCountry "IRI"]
[SourceTitle "playchess.com"]
[Source "ChessBase"]
[SourceQuality "1"]
[WhiteTeam "Uzbekistan"]
[BlackTeam "China"]
[WhiteTeamCountry "UZB"]
[BlackTeamCountry "CHN"]

{[%evp 24,136,12,6,15,-8,0,-22,-18,-41,-30,-38,-33,-43,-29,-57,-29,-79,-79,-78,-77,-79,-64,-64,-62,-64,-41,-60,-70,-93,-93,-93,-93,-98,-93,-99,-93,-97,-97,-104,-104,-104,-106,-112,-105,-105,-97,-114,-114,-114,-105,-113,-109,-123,-90,-93,-88,-93,-86,-93,-93,-93,-86,-86,-86,-86,-81,-101,-104,-99,-102,-102,-91,-110,-86,-106,-86,-110,-111,-116,-114,-110,0,-95,0,-110,-110,-113,-112,-120,-118,-133,-119,-120,-83,-83,-83,-83,-83,-95,-95,-106,-103,-171,-171,-393,-393,-29981,-29982,-29982,-29983,-29990,-29991,-29992,-29989]} 1. e4 {[%cal Be2e4,Be4e5][%mdl 32]} Nf6 2. e5 Nd5 3. d4 d6 4. c4 Nb6 5. exd6 cxd6 6. Nc3 g6 7. h3 Bg7 8. Nf3 O-O 9. Be3 Nc6 10. Rc1 d5 11. c5 Nc4 {B04: Aljechin-Verteidigung (Moderne Variante)} 12. Bxc4 dxc4 13. O-O {LiveBook: 25 Partien} b6 {Die Stellung ist ausgeglichen.} (13... Bf5 14. Qa4 Bd3 15. Rfd1 f5 16. d5 Ne5 17. Nxe5 Bxe5 18. Bh6 Rf6 19. b3 Ra6 20. Qb5 Ra5 21. Qb4 b6 22. cxb6 Qxb6 23. Qxe7 {1-0 (31) Savic,M (2515)-Sredojevic,I (2421) Kragujevac 2012}) 14. Qa4 Nxd4 15. Bxd4 (15. Nxd4 {is more complex.} Bxd4 16. c6 Bxe3 17. fxe3 Be6 18. Rfd1) 15... Bxd4 16. cxb6 $146 ({Vorgänger:} 16. c6 Bxc3 17. Rxc3 Be6 18. Rd1 Qc8 19. Ne5 {1-0 (50) Schmidbauer,M-Nonnenmacher,T Germany 1995}) 16... Bxc3 17. Rxc3 Qxb6 18. Rxc4 Qxb2 19. Rc7 Qf6 20. Re1 Bxh3 21. Rexe7 Be6 22. Rxa7 Rad8 23. Qh4 $1 {[%cal Rh4f6]} Qxh4 24. Nxh4 Rd1+ 25. Kh2 Rd2 26. Kg3 Rxa2 27. Rxa2 Bxa2 $17 {[%mdl 4096] Endspiel KTL-KTS} 28. Nf3 Rd8 29. Re2 Ra8 30. Nd4 Kg7 31. Re1 Bd5 32. Re5 Rd8 33. Ne2 Bc4 34. Nf4 Rd4 35. f3 h5 {[#] Und ...h4+! würde nun gewinnen.} 36. Ne2 Rd1 {Droht stark ...Te1.} (36... Rd5 {is interesting.} 37. Re4 Bd3 38. Re3 g5 39. f4 f6) 37. Re4 Ba6 38. Nf4 Rh1 39. Nh3 Ra1 40. Re7 Bf1 {zielt auf ...Ta2 ab.} 41. Kf2 Bc4 42. Rc7 Ra4 43. Ng5 Bd5 44. Rc5 Ra2+ (44... Bb3 {feels hotter.} 45. Ke3 Ra7 46. g3 Rd7 47. Ne4 Bd5) 45. Kg1 Rd2 46. Nh3 Rd4 47. Kf2 {Mit der Idee Ke3.} Bb3 48. Ng5 Kh6 49. Ne4 Be6 50. Ng5 Rd2+ 51. Kg1 Bd5 52. Nh3 Be6 53. Ng5 $1 Bd5 54. Nh3 g5 55. Nf2 Kg6 56. Kf1 f6 57. Ra5 Rd4 58. Kg1 Kf7 59. Ra7+ Ke6 60. Rh7 g4 {Weiss muss nun ...g3 beachten.} 61. fxg4 hxg4 {...g3 ist eine echte Drohung.} 62. Kh2 f5 63. Kg3 {[#]} (63. Rh6+ $17 Kf7 64. Kg3) 63... Kf6 $1 $19 64. Rd7 $2 (64. Rc7 {war angesagt.}) 64... Rd2 65. Rd6+ $2 (65. Rh7 $19 Be6 66. Rh6+ Ke5 67. Rh5) 65... Kg5 {Schwarz setzt Matt.} 66. Kh2 Kf4 67. Kg1 g3 68. Nh3+ Ke5 {Precision: Weiß = 49%, Schwarz = 67%.} 0-1

[Event "Asian Nation Cup Open 2018"]
[Site "Hamedan"]
[Date "2018.08.02"]
[Round "6"]
[White "Mousavi, Seyed Khalil"]
[Black "Mosadeghpour, Masoud"]
[Result "1/2-1/2"]
[WhiteElo "2447"]
[BlackElo "2525"]
[Annotator "TA"]
[PlyCount "24"]
[EventDate "2018.07.27"]
[EventType "swiss"]
[EventCountry "IRI"]
[SourceTitle "playchess.com"]
[Source "ChessBase"]
[SourceQuality "1"]
[WhiteTeam "Iran"]
[BlackTeam "Iran"]
[WhiteTeamCountry "IRI"]
[BlackTeamCountry "IRI"]

{[%evp 9,24,37,52,28,36,19,14,20,26,5,18,16,0,0,0,-37,-37]} 1. e4 c5 2. Ne2 Nc6 3. c4 g6 4. d4 Bg7 (4... cxd4 5. Nxd4 Bg7 6. Be3 Nf6 7. Nc3 Ng4 8. Qxg4 Nxd4 9. Qd1 e5 10. Qd2 d6 11. Rd1 Be6 12. Bxd4 exd4 13. Nb5 O-O 14. Nxd4 Bxd4 15. Qxd4 Qa5+ 16. Qc3 Qxc3+ 17. bxc3 Rfc8 18. Rxd6 Bxc4 19. Kd2 Bxa2 20. Bd3 {½-½ (20) Savchenko,B (2655)-Khenkin,I (2630) Havana 2009}) 5. dxc5 Qa5+ {LiveBook: 4 Games} 6. Nbc3 {B20: Sicilian: Unusual White 2nd moves} Nf6 7. Ng3 h5 {[%cal Bh7h5,Bh5h4,Bh4h3][%mdl 32] Threatening ...h4.} 8. Bd3 {The position is equal.} h4 9. Nge2 {[%cal Bg3e2,Be2d4,Bd4b3][%mdl 32]} h3 10. g3 Ne5 {[#] White must now prevent ...Nf3+.} 11. Nd4 $146 ({Predecessor:} 11. Nf4 Qxc5 {0-1 (58) Osman,M (2205)-Grigore,G (2501) Bucharest 2004}) 11... Qxc5 12. Nb3 Qd6 1/2-1/2

[Event "Asian Nation Cup Open 2018"]
[Site "Hamedan"]
[Date "2018.08.02"]
[Round "6"]
[White "Khoroshev, Nikita"]
[Black "Zhou, Jianchao"]
[Result "0-1"]
[WhiteElo "2424"]
[BlackElo "2621"]
[Annotator "TA"]
[PlyCount "50"]
[EventDate "2018.07.27"]
[EventType "swiss"]
[EventCountry "IRI"]
[SourceTitle "playchess.com"]
[Source "ChessBase"]
[SourceQuality "1"]
[WhiteTeam "Uzbekistan"]
[BlackTeam "China"]
[WhiteTeamCountry "UZB"]
[BlackTeamCountry "CHN"]

{[%evp 9,50,23,17,6,0,-35,-18,-27,-36,-14,0,0,14,12,28,-11,27,-68,-66,-171,-171,-172,-170,-156,-157,-169,-134,-176,-172,-188,-170,-190,-189,-7737,-1367,-29994,-29995,-29995,-29994,-29994,-29995,-29995,-29996]} 1. Nf3 c5 2. c4 Nc6 3. Nc3 e5 4. g3 g6 5. d3 Bg7 {LiveBook: 45 Games} 6. h4 {[%cal Bh2h4,Bh4h5][%mdl 32] A35: Symmetrical English: 2 Nc3 Nc6 3 Nf3} h6 7. Bh3 $146 ({Predecessor:} 7. Bg2 d6 8. Rb1 Be6 9. a3 f5 10. O-O Qd7 11. Bd2 Nf6 12. b4 {1-0 (34) Adly,A (2578)-Putzbach,G (2273) Hamburg 2008}) 7... Nge7 8. e4 {The position is equal.} d6 9. Bxc8 Rxc8 10. h5 Qd7 11. Nh2 Nd4 12. Be3 O-O 13. Ng4 (13. Qd2 $1 $11) 13... g5 $15 14. Bxd4 (14. O-O $15) 14... exd4 $19 15. Nb1 f5 16. exf5 Qxf5 ({Don't play} 16... Nxf5 17. O-O $15) 17. O-O Nc6 $36 {[%mdl 2048] Black has strong initiative.} 18. a3 Rce8 {[%cal Bc8e8,Be8e5,Be5f5,Bf5f2][%mdl 32]} 19. b4 Ne5 20. Nxe5 Rxe5 21. bxc5 $2 (21. Ra2) 21... Qh3 22. Re1 {[#]} Rxf2 $1 {[%mdl 512] Black mates.} 23. Kxf2 Rf5+ 24. Kg1 Qxg3+ 25. Kh1 Rf2 {Precision: White = 24%, Black = 76%.} 0-1

[Event "Asian Nation Cup Open 2018"]
[Site "Hamedan"]
[Date "2018.08.02"]
[Round "6"]
[White "Koniahli, Malek"]
[Black "Makhnev, Denis"]
[Result "0-1"]
[WhiteElo "2320"]
[BlackElo "2438"]
[Annotator "TA"]
[PlyCount "88"]
[EventDate "2018.07.27"]
[EventType "swiss"]
[EventCountry "IRI"]
[SourceTitle "playchess.com"]
[Source "ChessBase"]
[SourceQuality "1"]
[WhiteTeam "Syria"]
[BlackTeam "Kazakhstan"]
[WhiteTeamCountry "SYR"]
[BlackTeamCountry "KAZ"]

{[%evp 14,88,29,18,14,0,0,0,12,0,20,18,27,15,14,0,0,0,9,-18,-8,-26,-10,-32,-26,-23,-39,-27,-16,-50,-44,-116,-116,-108,-103,-108,-116,-89,-98,-83,-94,-103,-74,-113,-126,-159,-97,-236,-227,-252,-250,-283,-270,-281,-273,-303,-303,-327,-339,-329,-327,-345,-345,-345,-345,-567,-550,-609,-547,-535,-544,-540,-537,-507,-492,-550,-537]} 1. e4 e5 2. Nf3 Nc6 3. Bc4 Bc5 4. O-O Nf6 5. d3 a6 6. c3 Ba7 7. Re1 {C54: Giuoco Piano: 4 c3 Nf6, main lines with 5 d4 and 5 d3} d6 8. Nbd2 {LiveBook: 3 Games} (8. Bb3 O-O 9. h3 h6 10. Nbd2 Re8 11. Nf1 Be6 12. Bc2 d5 13. Qe2 dxe4 14. dxe4 Qe7 15. Ng3 Rad8 16. Nh4 Qf8 17. Nhf5 Ne7 18. Ne3 Ng6 19. Ngf5 Nf4 {½-½ (38) Giri,A (2752)-Carlsen,M (2834) Wijk aan Zee 2018}) 8... Na5 9. b4 $146 {The position is equal.} ({Predecessor:} 9. Bb3 Nxb3 10. axb3 O-O 11. Nf1 h6 12. h3 Qe7 13. Ng3 Nh7 14. Qc2 f5 15. exf5 Bxf5 16. Nxf5 Rxf5 {1-0 (51) Reuter,E (1604)-Koerbel,E (1910) Hofheim 2017}) 9... Nxc4 10. Nxc4 h6 11. Be3 Bxe3 12. Nxe3 O-O 13. Qc2 Re8 14. Nd2 Nh5 15. g3 Nf6 16. Qd1 a5 17. a3 d5 18. exd5 Nxd5 19. Nxd5 Qxd5 20. Qf3 Rd8 21. Qxd5 Rxd5 22. Re3 (22. d4 $15) 22... axb4 $17 23. cxb4 Bf5 24. Ne4 f6 25. f4 exf4 26. gxf4 c6 27. Kf2 Rd4 28. Kf3 Kf7 29. Ke2 {[#]} Re8 ({Black should try} 29... g5 $1 {[%cal Rg5f4]} 30. fxg5 hxg5) 30. Nf2 (30. Nc5 $17 {might work better.}) 30... Rxf4 $19 31. Rxe8 Kxe8 {[%mdl 4096] Endgame KRB-KRN} 32. Rg1 g5 33. Rg3 Kd7 34. Ke3 Rh4 35. Rf3 Ke6 36. h3 Bg6 37. Ne4 Bxe4 38. dxe4 {KR-KR} b5 39. Kd3 $2 {[#]} (39. Kd4 f5 40. Rxf5) 39... Rf4 {Black is clearly winning.} 40. Re3 Ke5 41. Kd2 Rxe4 42. Rc3 Kd5 43. Rf3 Rf4 44. Re3 h5 {Precision: White = 23%, Black = 76%.} 0-1